|
|
|
|
| LEADER |
01144nam a2200253 a 4500 |
| 001 |
31676 |
| 003 |
BD-DhAAL |
| 005 |
20170509120212.0 |
| 008 |
170509s20161992bg ||||| |||| 00| 1 ben d |
| 999 |
|
|
|c 38045
|d 38045
|
| 020 |
|
|
|a 9789849224440
|
| 040 |
|
|
|a BD-DhAAL
|b BD-DhAAL
|
| 041 |
|
|
|a BEN
|
| 082 |
|
|
|2 23
|a 891.44371
|
| 100 |
|
|
|a আহমেদ, হুমায়ুন
|9 21525
|
| 245 |
|
|
|a কোথাও কেউ নেই /
|c হুমায়ুন আহমেদ
|
| 260 |
|
|
|b কাকলী প্রকাশনী
|
| 300 |
|
|
|a ২৫২ পৃষ্ঠা :
|c ২২ সে. মি.
|
| 526 |
|
|
|a AAL
|
| 541 |
|
|
|e 31676, 31677
|
| 650 |
|
|
|a Bengali fiction
|z Bangladesh
|9 21526
|
| 942 |
|
|
|2 ddc
|c BK
|
| 952 |
|
|
|0 0
|1 0
|2 ddc
|4 0
|6 891_443710000000000_AHM
|7 0
|8 FIC
|9 60185
|a BRACUL
|b BRACUL
|c GEN
|d 2017-04-13
|e Paragon Enterprises
|g 264.00
|l 36
|m 221
|o 891.44371 AHM
|p 3010031676
|q 2026-06-02
|r 2026-04-12
|s 2026-04-12
|t 1
|y BK
|
| 952 |
|
|
|0 0
|1 0
|2 ddc
|4 0
|6 891_443710000000000_AHM
|7 0
|8 FIC
|9 60186
|a BRACUL
|b BRACUL
|c GEN
|d 2017-04-13
|e Paragon Enterprises
|g 264.00
|l 27
|m 236
|o 891.44371 AHM
|p 3010031677
|q 2026-06-02
|r 2025-11-19
|s 2025-11-19
|t 2
|v 264.00
|w 2017-04-13
|y BK
|